004280000a22001450004500020001500000060000800015082001900023100001900042100002000061245006700081260003500148260000900183300000800192650008200200 a8170996155 a100 a658.809 63 JAG aArbind, Prasad aJagdish, Prasad aIndian agricultural marketing : emerging trends & perspectives aNew Delhi, Mittal publications c1995 a268 aAgricultural marketing - India/ Production - marketing/ marketing management